000 01885nam a2200457 i 4500
001 49792
003 FINmELB
005 20241216232154.0
006 m o d |
007 cr cnu||||||||
008 221027s2020 ck a ob 000 0 spa d
020 _a9789587464221
_q(e-book)
035 _a(OCoLC)1351573024
040 _aFINmELB
_bspa
_erda
_cFINmELB
050 1 4 _aT58.5
_bB982 2020
080 _a005.94
082 0 4 _a004
_223
100 1 _aBustamante Meza, Lucía Yesenia,
_eautor.
245 1 0 _aInfancia y habilidades STEM :
_bherramientas para su desarrollo /
_cLucia Yesenia Bustamante Meza, Julieth del Carmen Salcedo Ospino, Silvia Andrea Torres Oliveros.
264 1 _aSanta Marta :
_bEditorial Unimagdalena,
_c2020.
300 _a1 recurso en línea (171 páginas) :
_bilustraciones color
336 _atexto
_btxt
_2rdacontent/spa
337 _acomputadora
_bc
_2rdamedia/spa
338 _arecurso en línea
_bcr
_2rdacarrier/spa
490 1 _aCiencias sociales. Educación y pedagogía
504 _aContiene bibliografía.
588 _aDescripción basada en metadatos suministrados por el editor y otras fuentes.
590 _aRecurso electrónico. Santa Fe, Arg.: elibro, 2021. Disponible vía World Wide Web. El acceso puede estar limitado para las bibliotecas afiliadas a elibro.
650 0 _aInformation technology in education.
650 0 _aEducational technology.
650 0 _aChild rearing.
650 4 _aTecnologías de la información en educación.
650 4 _aTecnología educativa.
650 4 _aChild rearing.
655 4 _aLibros electrónicos.
700 1 _aSalcedo Ospino, Julieth del Carmen,
_eautor.
700 1 _aTorres Oliveros, Silvia Andrea,
_eautor.
797 2 _aelibro, Corp.
830 0 _aCiencias sociales. Educación y pedagogía.
856 4 0 _uhttps://elibro.net/ereader/politecnicointernacional/217030
999 _c49792
_d49792